000 01074nmc a2200337 a 4500
003 AR-BaBNM
005 20251128210349.0
008 010020s1999 ||||||||||||||000 | spa||
020 _a987-9336-24-0
040 _cAR-BaBNM
245 1 0 _aRamón J. Cárcano
_bpalabra exacta y acción fecunda
260 _aBuenos Aires
_bCírculo de Legisladores de la Nación Argentina
_c1999
300 0 _a95 p.
490 0 _aVidas, ideas y obras de los legisladores argentinos
_vv. 33
500 0 _aContiene textos parlamentarios de Ramón J. Cárcano
504 _aBibliografía p. 30
600 1 4 _aCárcano, Ramón J.
650 4 _aHISTORIA ARGENTINA
650 4 _aBIOGRAFIAS
650 4 _aHISTORIA POLITICA ARGENTINA
650 4 _aLEGISLACION ARGENTINA
650 4 _aPARTIDOS POLITICOS ARGENTINOS
650 4 _aSIGLO DIECINUEVE
650 4 _aSIGLO VEINTE
650 4 _aPARTIDOS POLITICOS ARGENTINOS
655 _aBIOGRAFIAS
700 1 _aBischoff, Efraín U.
_eprologuista
800 1 _aMárquez, Alfonso Carlos
_edirector
942 _cBK
998 _cMariana
999 _c15152
_d15152